Interakcia surfaktantov s modelovými a biologickými membránami 9. Teoretický model závislosti biologickej účinnosti na dĺžke uhľovodíkového reťazca

Bibliographic Details
Main Authors: Cibula, Július, 1908- (Author), Gallová, J. (Author), Uhríková, D. (Author), Balgavý, Pavol, 1944- (Author)
Format: Article
Language:Slovak
PhysicalDescription:Obr. 4, res. angl., lit. 41 zázn. v angl., češ.
ISSN:1210-7816
Subjects:

MARC

LEADER 00000nab a2200000 a 4500
001 vtls000524380
003 SK-MaSNL
005 20260304091026.0
008 250425c1994 xo 0 slo
015 |a SNBRB19rr/mm-uuuuu 
035 |a CL0524518 
035 |a urn:nbn:sk:snk-abalnr 
035 |a (urnnbn)urn:nbn:sk:snk:ar-007v7n 
035 |a (uuid)c9cc28c8-3513-4cde-a191-1f04ada0ccbb 
040 |a SNKBUCL  |b slo  |c SNKBUCL  |e AACR2 
041 0 |a slo 
044 |a xo  |c SK 
080 |a 615.011  |2 1981 
245 0 0 |a Interakcia surfaktantov s modelovými a biologickými membránami  |b 9. Teoretický model závislosti biologickej účinnosti na dĺžke uhľovodíkového reťazca  |c Július Cibula ... [et al.] 
300 |b Obr. 4, res. angl., lit. 41 zázn. v angl., češ. 
650 0 7 |a liečivá amfifilné  |2 snkbucl  |9 1382830 
650 0 7 |a pľúcny surfaktant  |2 snkbucl  |9 16317 
655 7 |a články z novín a časopisov  |2 snkbucl  |9 267496 
700 1 |a Cibula, Július,  |d 1908-  |4 aut  |9 38577 
700 1 |a Gallová, J.  |4 aut  |9 784243 
700 1 |a Uhríková, D.  |4 aut  |9 784246 
700 1 |a Balgavý, Pavol,  |d 1944-  |4 aut  |9 224307 
773 0 |t Česká a slovenská farmacie  |g Roč. 43, č. 2 (1994), s. 87-91  |x 1210-7816 
850 |a Slovenská národná knižnica 
852 |a Slovenská národná knižnica 
954 |a odborná, vedecká literatúra pôvodná (slovenská)  |2 lita 
958 |a article14 
958 |a OND 
958 |a NB 
958 |a RK 
958 |a MI 
958 |a EUIPO 
992 |a RBX 
999 |c 2813813  |d 2815743